Band Members by Instrument - Miscellaneous Rock # 8 Edition - Statistics

General Stats
  • This quiz has been taken 75 times
  • The average score is 7 of 44
Answer Stats
Band Instrument or Role Answer % Correct
Wings (1971-1977) Vocals, Bass Paul McCartney
95%
Wings (1971-1977) Keyboards Linda McCartney
93%
Tommy James and the Shondells (1967-1970) Vocals, Rhythm Guitar Tommy James
78%
Paul Revere & the Raiders (1963-1966) Keyboards Paul Revere
67%
The Miracles (1958-1972) Lead Vocals Smokey Robinson
58%
The Miracles (1958-1972) Backing Vocals Claudette Robinson
47%
Wings (1971-1977) Lead Guitar Denny Laine
33%
Steppenwolf (1967-1969) Vocals, Rhythm Guitar John Kay
22%
Paul Revere & the Raiders (1963-1966) Drums Mike "Smitty" Smith
20%
Badfinger (1969-1974) Vocals, Rhythm Guitar Pete Ham
18%
The Troggs (1964-1969) Vocals Reg Presley
15%
Wings (1971-1977) Rhythm Guitar Henry McCullough / Jimmy McCulloch
11%
The Rascals (1965-1972) Drums Dino Danelli
9%
Paul Revere & the Raiders (1963-1966) Vocals Mark Lindsay
9%
The Rascals (1965-1972) Vocals, Percussion Eddie Brigati
7%
The Rascals (1965-1972) Guitar Gene Cornish
7%
Wings (1971-1977) Drums Denny Seiwell / Joe English
5%
The Rascals (1965-1972) Vocals, Keyboards Felix Cavaliere
5%
Badfinger (1969-1974) Lead Guitar Joey Molland
5%
Badfinger (1969-1974) Bass Tom Evans
5%
It's A Beautiful Day (1968-1970) Vocals, Violin David LaFlamme
4%
Paul Revere & the Raiders (1963-1966) Guitar Drake "The Kid" Levin
4%
Steppenwolf (1967-1969) Keyboards Goldy McJohn
4%
It's A Beautiful Day (1968-1970) Keyboards Linda LaFlamme
4%
Steppenwolf (1967-1969) Lead Guitar Michael Monarch
4%
Tommy James and the Shondells (1967-1970) Drums Peter Lucia
4%
The Miracles (1958-1972) Backing Vocals Ronnie White
4%
Tommy James and the Shondells (1967-1970) Lead Guitar Eddie Gray
2%
It's A Beautiful Day (1968-1970) Guitar Hal Wagenet
2%
Steppenwolf (1967-1969) Drums Jerry Edmonton
2%
Paul Revere & the Raiders (1963-1966) Bass Mike "Doc" Holliday / Phil "Fang" Volk
2%
Badfinger (1969-1974) Drums Mike Gibbins
2%
Tommy James and the Shondells (1967-1970) Bass Mike Vale
2%
It's A Beautiful Day (1968-1970) Vocals Pattie Santos
2%
The Troggs (1964-1969) Drums Ronnie Bond
2%
The Miracles (1958-1972) Backing Vocals Bobby Rogers
0%
The Troggs (1964-1969) Guitar Chris Britton
0%
The Miracles (1958-1972) Guitar Marv Tarplin
0%
It's A Beautiful Day (1968-1970) Bass Mitchell Holman
0%
The Miracles (1958-1972) Backing Vocals Pete Moore
0%
The Troggs (1964-1969) Bass Pete Staples
0%
Tommy James and the Shondells (1967-1970) Keyboards Ron Rosman
0%
Steppenwolf (1967-1969) Bass Rushton Moreve
0%
It's A Beautiful Day (1968-1970) Drums Val Fuentes
0%
No matching quizzes found
Score Distribution
Percent of People with Each Score
Percentile by Number Answered
Your Score History
You have not taken this quiz